Statistics for guess the taylor swift song no hint #1

Click here to take the quiz!

General Stats

  • This quiz has been taken 48 times
  • The average score is 236 of 342

Answer Stats

Answer% Correct
you
100%
I
98%
me
98%
a
95%
we
93%
We
93%
love
90%
the
90%
your
90%
And
88%
to
88%
be
85%
on
85%
On
85%
in
83%
My
83%
my
83%
then
83%
What
83%
what
83%
it
80%
At
78%
But
78%
Cause
78%
don't
78%
that
78%
can't
75%
like
75%
never
75%
of
75%
so
75%
would
75%
as
73%
could
73%
had
73%
up
70%
With
70%
from
68%
gold
68%
know
68%
out
68%
into
65%
rush
65%
see
65%
about
63%
day
60%
hair
60%
place
60%
touch
60%
will
60%
beautiful?
58%
Eyes
58%
falling
58%
feel
58%
must
58%
red
58%
wants
58%
die
55%
dominoes
55%
Everybody
55%
face
55%
grow
55%
til
55%
wonders
55%
anyone
53%
flush
53%
jump
53%
life
53%
mind
53%
town
53%
won't
53%
brush
50%
call
50%
fades
50%
folklore
50%
motion
50%
pure
50%
Quick
50%
slow
50%
tea
50%
turns
50%
vision
50%
Walk
50%
almost
48%
anticipating
48%
bone
48%
crush
48%
double
48%
dream
48%
feels
48%
flying
48%
old
48%
past
48%
seen
48%
shit
48%
anymore
45%
blush
45%
coastal
45%
dinner
45%
door
45%
floors
45%
gray
45%
hanging
45%
inviting
45%
parties
45%
rose
45%
ships
45%
sinking
45%
Twinkling
45%
waters
45%
wooden
45%
contrarian
43%
cross
43%
dare
43%
eagles
43%
Gleaming
43%
round
43%
t-shirt
43%
padding
40%
wandered
40%
found
38%

Score Distribution

Percentile by Number Answered

Percent of People with Each Score

Your Score History

You have not taken this quiz